Групповой состав северо-васюганского конденсата; Химия и химическая технология в XXI веке

التفاصيل البيبلوغرافية
Parent link:Химия и химическая технология в XXI веке.— 2000.— С. 30.
المؤلف الرئيسي: Котенева Л. В.
اللغة:الروسية
منشور في: 2000
الموضوعات:
التنسيق: فصل الكتاب
KOHA link:https://koha.lib.tpu.ru/cgi-bin/koha/opac-detail.pl?biblionumber=75011

MARC

LEADER 00000naa2a2200000 4500
001 75011
005 20231031090159.0
035 |a (RuTPU)RU\TPU\book\79989 
090 |a 75011 
100 |a 20050316d2000 k y0rusy50 ca 
101 0 |a rus 
102 |a RU 
200 1 |a Групповой состав северо-васюганского конденсата  |f Л. В. Котенева 
463 1 |0 (RuTPU)RU\TPU\book\24471  |t Химия и химическая технология в XXI веке  |o Материалы областной студенческой научно-практической конференции (Томск, 23 мая, 2000 г.)  |f Томский политехнический университет. ХТФ; Областная студенческая научно-практическая конференция  |v С. 30.  |d 2000  |p 72 с. 
610 1 |a конденсат 
610 1 |a северо-васюганский конденсат 
610 1 |a компаундирование 
610 1 |a исследование состава 
610 1 |a труды учёных ТПУ 
700 1 |a Котенева  |b Л. В. 
801 1 |a RU  |b 63413507  |c 20050316  |g PSBO 
942 |c BK